Riesci a nominare 16 giocatori dell'Inter (2000-2010)? - Facile - Statistics

Statistiche generali
  • Questo quiz è stato fatto 174 volte
  • Il punteggio medio è 13 su 16
Statistiche sulle risposte
con Immagini Risposta % Corretto
Thiago Motta
96%
Fabio Cannavaro
95%
Goran Pandev
94%
Mario Balotelli
93%
Hernan Crespo
90%
Daniele Adani
89%
Walter Samuel
89%
Francesco Toldo
88%
Nicola Ventola
86%
Alvaro Recoba
80%
Lucio
80%
Christian Chivu
78%
Luigi Di Biagio
68%
Obafemi Martins
68%
Ricardo Quaresma
65%
Cristiano Zanetti
40%
Nessun quiz corrispondente trovato
Distribuzione punteggi
Percentuale di utenti per punteggio
Percentile per numero di risposta
I tuoi punteggi nel tempo
Non hai fatto questo quiz